Các Mác với cương lĩnh đầu tiên của những người cộng sản /

Wedi'i Gadw mewn:
Manylion Llyfryddiaeth
Prif Awdur: Trần Kim Cúc, ThS.
Fformat: Erthygl
Iaith:Vietnamese
Pynciau:
Tagiau: Ychwanegu Tag
Dim Tagiau, Byddwch y cyntaf i dagio'r cofnod hwn!
Thư viện lưu trữ: Thư viện Trường Đại học Đà Lạt
LEADER 00767nam a2200265 4500
001 DLU090089313
005 ##20090526
040 # # |a DLU  |b vie 
041 # # |a vie 
044 # # |a vn 
100 # # |a Trần Kim Cúc,  |c ThS. 
245 # # |a Các Mác với cương lĩnh đầu tiên của những người cộng sản /  |c  Trần Kim Cúc, 
653 # # |a Các Mác 
653 # # |a Cương lĩnh 
653 # # |a Người cộng sản 
773 # # |t Lịch sử Đảng  |g Số 4, 2003, tr. 10-11 
920 # # |a Phòng Tạp chí -- Trung tâm Thông tin - Thư viện Trường Đại học Đà Lạt 
994 # # |a DLU 
900 # # |a True 
911 # # |a Nguyễn Thị Mai Anh 
925 # # |a G 
926 # # |a A 
927 # # |a BB 
980 # # |a Thư viện Trường Đại học Đà Lạt